Mimoriadny význam svetovej prezentácie Slovenska v zahraničnopolitickej a hospodárskej oblasti Stretnutiami v Osake a Nagoji sa zavŕšil pobyt slovenskej vládnej delegácie v Japonsku

Bibliographic Details
Main Authors: Fašung, Eduard (Author), Mečiar, Vladimír, 1942- (Author)
Format: Article
Language:Slovak
PhysicalDescription:Fotogr. 1
Subjects:

MARC

LEADER 00000nab a2200000 a 4500
001 vtls000614958
003 SK-MaSNL
005 20260426072453.0
008 201103c1997 xo 0 slo
015 |a SNBRB19rr/mm-uuuuu 
035 |a CL0615097 
040 |a SNKBUCL  |b slo  |c SNKBUCL  |e AACR2 
041 0 |a slo 
044 |a xo  |c SK 
080 |a 327(437,6:520)  |2 1981 
080 |a 327(520:437.6)  |2 1981 
100 1 |a Fašung, Eduard  |4 aut  |9 270365 
245 1 0 |a Mimoriadny význam svetovej prezentácie Slovenska v zahraničnopolitickej a hospodárskej oblasti  |b Stretnutiami v Osake a Nagoji sa zavŕšil pobyt slovenskej vládnej delegácie v Japonsku  |c Eduard Fašung 
300 |b Fotogr. 1 
650 0 7 |a zahraničná politika  |2 snkbucl  |9 971 
651 7 |a Slovensko  |2 SNKPHgeo  |9 14231 
651 7 |a Japonsko  |2 snkbucl  |9 16392 
655 7 |a články z novín a časopisov  |2 snkbucl  |9 267496 
700 1 |a Mečiar, Vladimír,  |d 1942-  |4 aut  |9 10144 
773 0 |t Slovenská republika  |g Roč. 5, č. 72 (27. 3. 1997), s. 1 a 7 
850 |a Slovenská národná knižnica v Martine  |a MTA001 
852 |a SNK  |b KIS3GCP 
958 |a SK 
958 |a JP 
958 |a RK 
958 |a RBX 
999 |c 2689030  |d 2690960